[Event "Samara Polugaevsky Memorial 7th"]
[Site "Samara"]
[Date "2017.07.14"]
[Round "7"]
[White "Vdovina, Elena"]
[Black "Kalashnikova, Elena"]
[Result "0-1"]
[WhiteElo "1446"]
[BlackElo "1722"]
[PlyCount "44"]
[EventDate "2017.07.08"]
[EventType "swiss"]
[EventRounds "9"]
[EventCountry "RUS"]
[SourceTitle "EXT 2018"]
[Source "ChessBase"]
[SourceDate "2017.10.13"]
[SourceVersion "1"]
[SourceVersionDate "2017.10.13"]
[SourceQuality "1"]

1. d4 d5 2. Nf3 Nf6 3. c4 c6 4. e3 e6 5. Nc3 Nbd7 6. Bd3 Bd6 7. 0-0 0-0 8. e4 dxe4 9. Nxe4 Nxe4 10. Bxe4 h6 11. Re1 Nf6 12. Bc2 Re8 13. Ne5 Bd7 14. Qd3 c5 15. Bxh6 gxh6 16. Nxf7 Bxh2+ 17. Kf1 Kxf7 18. Qg6+ Ke7 19. dxc5 Rg8 20. Qd3 Bc6 21. Qf5 Bxg2+ 22. Ke2 exf5 0-1